000 00390nam a22001457a 4500
005 20240315103841.0
008 240315b ||||| |||| 00| 0 eng d
040 _cAL
041 _aeng
082 _223
_a658.8
_bMARK
245 _aMarket Study on the Top Ten Motorbikes in Mangalore
260 _aMangalore
_bSt Aloysius College
_c2003
700 _aPOOJA (G)
_9154523
942 _2ddc
_cPRO
999 _c230381
_d230381